Statistics for 25 World Capitals furthest from Isodistant Lines from Greenwich Meridian

Click here to take the quiz!

General Stats

  • This quiz has been taken 23 times
  • The average score is 15 of 25

Answer Stats

D (km) Capital % Correct
876Brasília
95%
974Stockholm
86%
908Berlin
86%
962Rome
86%
967Vatican City
82%
928Tokyo
77%
998San Marino
73%
936Montevideo
73%
929Beijing
68%
906Tunis
68%
969Prague
68%
996Cairo
68%
939Reykjavík
68%
973Dhaka
59%
979Manama
59%
991Antananarivo
55%
878Ljubljana
50%
965Lusaka
50%
955Mogadishu
41%
947Libreville
41%
957Ashgabat
41%
974Nicosia
41%
973Honiara
32%
975Malabo
32%
899Mbabane
23%

Score Distribution

Percentile by Number Answered

Percent of People with Each Score

Your Score History

You have not taken this quiz